| 000 | 01334cam a2200337 a 4500 | ||
|---|---|---|---|
| 001 | 12221280 | ||
| 003 | EG-ScBUE | ||
| 005 | 20250616132509.0 | ||
| 008 | 001103t2001 gw f b 001 0 eng d | ||
| 020 | _a3540411569 (alk. paper) | ||
| 020 | _a9783540411567 | ||
| 040 |
_aDLC _beng _erda _cDLC _dDLC _dEG-ScBUE |
||
| 082 | 0 | 4 |
_a536.7 _222 _bJOU |
| 100 | 1 |
_aJou, D. _q(David) _eauthor. |
|
| 245 | 1 | 0 |
_aExtended irreversible thermodynamics / _cD. Jou, J. Casas-Vâazquez, G. Lebon. |
| 250 |
_aThird edition, _brevised and Enlarged Edition |
||
| 264 | 1 |
_aBerlin ; _aNew York : _bSpringer, _c[2001] |
|
| 264 | 4 | _cc2001 | |
| 300 |
_axv, 462 pages : _billustrations ; _c24 cm |
||
| 336 |
_2rdacontent _atext _btxt |
||
| 337 |
_aunmediated _2rdamedia _bn |
||
| 338 |
_avolume _bnc _2rdacarrier |
||
| 504 | _aIncludes bibliographical references and index. | ||
| 650 | 7 |
_aIrreversible processes. _2BUEsh |
|
| 655 | _vReading book | ||
| 700 | 1 |
_aCasas-Vâazquez, J. _q(Josâe), _d1938- _eauthor. |
|
| 700 | 1 |
_aLebon, G. _q(Georgy) _eauthor. |
|
| 856 | 4 | 2 |
_3Publisher description _uhttp://www.loc.gov/catdir/enhancements/fy0816/00053784-d.html |
| 942 |
_2ddc _cBB |
||
| 999 |
_c10379 _d10379 |
||